01341nam a2200337Ia 4500001001200000003000800012006001900020007001500039008004100054010001700095020001800112040002100130035002100151050003000172082001200202100001500214245013600229260004400365300003000409504004100439533015200480650002900632650002800661650005700689650003900746655002900785700002900814710001700843856012600860999001700986ebr10732094CaPaEBRm o u cr cn|||||||||130603s2013 dcuab sb 000 0 eng d z 2013021871 z9780821398333 aCaPaEBRcCaPaEBR a(OCoLC)85502299914aHD6072.6.P18bH373 2013eb04a3322231 aHaq, Aban.10aAre Pakistan's women entrepreneurs being served by the microfinance sector?h[electronic resource] /cAban Haq and Mehnaz Safavian. aWashington, D. C. :bWorld Bank,c2013. axiii, 63 p. :bill, maps. aIncludes bibliographical references. aElectronic reproduction.bPalo Alto, Calif. :cebrary,d2013.nAvailable via World Wide Web.nAccess may be limited to ebrary affiliated libraries. 0aBusinesswomenzPakistan. 0aMicrofinancezPakistan. 0aWomen-owned business enterpriseszPakistanxFinance. 0aSmall businesszPakistanxFinance. 7aElectronic books.2local1 aSafavian, Mehnaz,d1970-2 aebrary, Inc.40uhttp://site.ebrary.com/lib/rucke/Doc?id=10732094zAn electronic book accessible through the World Wide Web; click to view c36305d36305